000 00482nam a22001812 4500
001 0000000955
005 20151217155806.0
008 070222s xx 000 0 eng d
040 _aKABU
_cKABU
050 0 _aDT107.83
_b.M36
100 1 _aMansfield, Peter.
_@0000149404
245 1 0 _aNasser's Egypt.
260 _aHarmondsworth, England :
_bPenguin,
_c1965.
300 _a221 p.
908 _a070222
950 _@1
999 _c12459
_d12459